<?xml version="1.0" encoding="UTF-8"?>
<record
    xmlns:xsi="http://www.w3.org/2001/XMLSchema-instance"
    xsi:schemaLocation="http://www.loc.gov/MARC21/slim http://www.loc.gov/standards/marcxml/schema/MARC21slim.xsd"
    xmlns="http://www.loc.gov/MARC21/slim">

  <leader>01541nab a2200289uuc4500</leader>
  <controlfield tag="001">1250180</controlfield>
  <controlfield tag="005">20240202102330.0</controlfield>
  <controlfield tag="008">110726e20110201                    spa  </controlfield>
  <datafield tag="035" ind1=" " ind2=" ">
    <subfield code="a">1250180</subfield>
  </datafield>
  <datafield tag="035" ind1=" " ind2=" ">
    <subfield code="a">(OCoLC)820589247</subfield>
  </datafield>
  <datafield tag="040" ind1=" " ind2=" ">
    <subfield code="c">comduadb</subfield>
  </datafield>
  <datafield tag="041" ind1=" " ind2=" ">
    <subfield code="a">spa</subfield>
  </datafield>
  <datafield tag="100" ind1="1" ind2="0">
    <subfield code="a">Santamar&#xED;a Palacio, Alexander</subfield>
    <subfield code="4">aut</subfield>
    <subfield code="e">aut</subfield>
    <subfield code="9">777443</subfield>
  </datafield>
  <datafield tag="245" ind1="1" ind2="0">
    <subfield code="a">Determinaci&#xF3;n de energ&#xED;as de desorci&#xF3;n de SO2 en materiales carbonosos durante procesos no isot&#xE9;rmicos</subfield>
  </datafield>
  <datafield tag="520" ind1="3" ind2=" ">
    <subfield code="a">Este art&#xED;culo presenta la aplicaci&#xF3;n de un modelo matem&#xE1;tico que permite determinar la energ&#xED;a de desorci&#xF3;n de complejos superficiales tipo SO2 en materiales carbonosos sometidos a procesos de desorci&#xF3;n a temperatura programada (DTP). El modelo tiene la ventaja de que la funci&#xF3;n de distribuci&#xF3;n de energ&#xED;as puede ser calculada directamente a partir de los datos experimentales y puede ser ajustado a cualquier tipo de adsorbato y experimento de desorci&#xF3;n a temperatura programada (DTP).</subfield>
  </datafield>
  <datafield tag="650" ind1=" " ind2=" ">
    <subfield code="a">Desorci&#xF3;n</subfield>
    <subfield code="9">75600</subfield>
  </datafield>
  <datafield tag="650" ind1=" " ind2=" ">
    <subfield code="a">Fibras de carbono</subfield>
    <subfield code="9">69221</subfield>
  </datafield>
  <datafield tag="650" ind1=" " ind2=" ">
    <subfield code="a">Carb&#xF3;n activado</subfield>
    <subfield code="9">6587</subfield>
  </datafield>
  <datafield tag="650" ind1=" " ind2=" ">
    <subfield code="a">Modelo no isot&#xE9;rmico</subfield>
    <subfield code="9">99952</subfield>
  </datafield>
  <datafield tag="700" ind1="1" ind2="0">
    <subfield code="a">Mondrag&#xF3;n P&#xE9;rez, Fanor</subfield>
    <subfield code="4">aut</subfield>
    <subfield code="e">aut</subfield>
    <subfield code="9">240649</subfield>
  </datafield>
  <datafield tag="700" ind1="1" ind2="0">
    <subfield code="a">Fern&#xE1;ndez, Jhon</subfield>
    <subfield code="4">aut</subfield>
    <subfield code="e">aut</subfield>
    <subfield code="9">621786</subfield>
  </datafield>
  <datafield tag="700" ind1="1" ind2="0">
    <subfield code="a">Ru&#xED;z, Wilson</subfield>
    <subfield code="4">aut</subfield>
    <subfield code="e">aut</subfield>
  </datafield>
  <datafield tag="700" ind1="1" ind2="0">
    <subfield code="a">L&#xF3;pez Mesa, Diana Jimena</subfield>
    <subfield code="4">aut</subfield>
    <subfield code="e">aut</subfield>
    <subfield code="9">388711</subfield>
  </datafield>
  <datafield tag="773" ind1="0" ind2=" ">
    <subfield code="t">DYNA (Medell&#xED;n)</subfield>
    <subfield code="g">Volumen 078, N&#xFA;mero 165, Febrero 2011, 169-175</subfield>
    <subfield code="w">188384</subfield>
    <subfield code="x">0012-7353</subfield>
    <subfield code="0">82258</subfield>
  </datafield>
  <datafield tag="856" ind1="4" ind2=" ">
    <subfield code="u">http://bibliotecadigital.udea.edu.co/handle/10495/13251</subfield>
  </datafield>
  <datafield tag="942" ind1=" " ind2=" ">
    <subfield code="c">ARIMP</subfield>
  </datafield>
  <datafield tag="999" ind1=" " ind2=" ">
    <subfield code="c">586667</subfield>
    <subfield code="d">586667</subfield>
  </datafield>
</record>
